000 01064naa a22003017a 4500
001 BR9500029
003 BR-BrBNA
005 20240918181317.0
007 ta
008 230509b bl.||||| |||| 00| 0 por d
040 _aBR-BrBNA
_bpor
_cBiblioteca Nacional de Agricultura
041 _a(Pt)
072 _aF62
_b0336
090 _aF62 BR9500029
100 1 _aIzumiyana, Y.
100 1 _aSouza, P.I. de M. de
245 1 _aEstudos analiticos sobre o crescimento da soja na estacao seca e chuvosa
260 3 _aBrasilia, DF (Brasil):
_c1994.
500 _aRelatorio tecnico do projeto Nipo-Brasileiro de cooperacao em pesquisa agricola 1987/1992 Brasilia, DF (Brasil): 1994. p. 15-45 (BR9500029-AM)F62
650 _aSoja
650 _aVariedade
650 _aFotoperiodismo
650 _aCrescimento
650 _aCerrado
773 0 _tRelatorio tecnico do projeto Nipo-Brasileiro de cooperacao em pesquisa agricola 1987/1992
_wF62 BR9500029
_gBrasilia, DF (Brasil), 1994. p. 15-45
909 _a202404
_bLucia
_c55
_dLucia Elande
942 _cAM
_2AGRIS
999 _c324690
_d324690